• 首页
  • 本馆介绍
  • 公告通知
  • 最新文献
  • 馆藏检索
  • 电子资源
  • 读者导购
  • 参考咨询
  • 我的图书馆
  • 登录
  • 详细信息显示
  • 放入我的书架
  • 预约/预借图书
  • 作者相关作品
  • 分类相关作品
  • 丛书相关作品
  • 出版社相关作品

书目信息

  • 表格格式
  • 工作单格式
  • 卡片格式
题名:
房地产企业事业合伙人
    
 
作者: 尚明淮 著
分册:  
出版信息: 北京   新世界出版社  2016
页数: 218页
开本: 24cm
丛书名:
单 册:
中图分类: F293.33
科图分类:
主题词: 房地产企业--合伙企业--研究
电子资源:
ISBN: 978-7-5104-5665-7
000 00903nam0 2200229 450
001 351555
005 20161017105830.11
010    @a978-7-5104-5665-7@dCNY38.00
100    @a20160622d2016 em y0chiy50 ea
101 0  @achi
102    @aCN@b110000
105    @ay z 000yy
106    @ar
200 1  @a房地产企业事业合伙人@f尚明淮著
210    @a北京@c新世界出版社@d2016
215    @a218页@d24cm
330    @a本书首先解读8大房企合伙案例,生动案例能够让你从中挖掘出房企合伙的利益和危险,知道如何在合伙时巧妙避开危险,赚取利益;然后又详细解读房企合伙重要概念,比如什么是合伙制,股份制等概念,让你在进行房企合伙时拥有更牢固的理论基础;最后传授房企合伙实施9步法,同时又对房企案例进行深挖,让你的合伙方案快速落地,合伙之路走的更掷地有声。
606 0  @a房地产企业@x合伙企业@x研究
690    @aF293.33@v5
701  0 @a尚明淮@4著
801  0 @aCN@bTANGWEI@c20160820
905    @b0895265-9@dF293.33@e1326@f5
    
    房地产企业事业合伙人/尚明淮著.-北京:新世界出版社,2016
    218页;24cm
    
    
    ISBN 978-7-5104-5665-7:CNY38.00
    本书首先解读8大房企合伙案例,生动案例能够让你从中挖掘出房企合伙的利益和危险,知道如何在合伙时巧妙避开危险,赚取利益;然后又详细解读房企合伙重要概念,比如什么是合伙制,股份制等概念,让你在进行房企合伙时拥有更牢固的理论基础;最后传授房企合伙实施9步法,同时又对房企案例进行深挖,让你的合伙方案快速落地,合伙之路走的更掷地有声。
●
相关链接 在E读中查询图书 在五车中查询图书 在当当中查询图书 在豆瓣中查询图书


正题名:房地产企业事业合伙人     索取号:F293.33/1326         预约/预借

序号 登录号 条形码 馆藏地/架位号 状态 备注
1 0895265   208952659   第一样本阅览室/ [索取号:F293.33/1326] 在馆    
2 0895266   208952668   密集书库-海洋学院/ [索取号:F293.33/1326] 在馆    
3 0895267   208952677   第一借阅区/ [索取号:F293.33/1326] 在馆    
4 0895268   208952686   第一借阅区/ [索取号:F293.33/1326] 在馆    
5 0895269   208952695   第一借阅区/ [索取号:F293.33/1326] 在馆    
唐山师范学院图书馆 欢迎您!
大连网信软件有限公司© 版权所有